| 000 | 00763nam a2200253Ia 4500 | ||
|---|---|---|---|
| 003 | OSt | ||
| 005 | 20221005061650.0 | ||
| 006 | a|||||r|||| 00| 0 | ||
| 007 | ta | ||
| 008 | 221004b |||||||| |||| 00| 0 eng d | ||
| 020 |
_a9780415574341 (hbk) _c7825.39 |
||
| 024 | _a104061 | ||
| 037 |
_b1629, 12/01/2011, Channel Publications _cTextual |
||
| 040 |
_aCRL _cCRL _beng |
||
| 041 |
_2eng _aeng |
||
| 082 | _aQ7:33, Q1 | ||
| 100 |
_aFaizer Rizwi Ed. _9600917 |
||
| 245 | 0 |
_aLife of Muhammad _b Al-Waqidi's Kitab al-maghazi |
|
| 260 |
_aLondon _bRoutledge UK _c2011 |
||
| 300 |
_axix,580p. _ccm. |
||
| 650 | _aRELIGION | ||
| 942 |
_hQ7:33, Q1 _cTEXL _2cc |
||
| 999 |
_c968515 _d968515 |
||